[Event "Groningen Casino op"]
[Site "Groningen"]
[Date "1988.12.21"]
[Round "1"]
[White "Crawley, Gavin"]
[Black "Michalet, Guy"]
[Result "0-1"]
[WhiteElo "2380"]
[BlackElo "2215"]
[PlyCount "100"]
[EventDate "1988.12.21"]
[EventType "swiss"]
[EventRounds "9"]
[EventCountry "NED"]
[SourceTitle "EXT 1997"]
[Source "ChessBase"]
[SourceDate "1996.11.15"]
[SourceVersion "1"]
[SourceVersionDate "1996.11.15"]
[SourceQuality "1"]

1. e4 e5 2. Nf3 Nf6 3. Nxe5 d6 4. Nf3 Nxe4 5. Qe2 Qe7 6. d3 Nf6 7. Bg5 Qxe2+ 8. Bxe2 Be7 9. c4 0-0 10. Nc3 c6 11. 0-0-0 Bf5 12. Nd4 Bg6 13. f4 h6 14. f5 Bh7 15. Bf4 Nbd7 16. g4 Ne5 17. Rhg1 Nfd7 18. Nc2 Nb6 19. c5 Nd5 20. Nxd5 cxd5 21. Ne3 dxc5 22. Nxd5 Bg5 23. Bxg5 hxg5 24. Rh1 Rfd8 25. Nc3 Rd4 26. Ne4 c4 27. Nf2 cxd3 28. Bxd3 Nxg4 29. Nxg4 Rxg4 30. Rhf1 Rc8+ 31. Kb1 Rd4 32. Bc2 Rcd8 33. Rde1 Kf8 34. Re3 Re8 35. Rb3 Rf4 36. Rg1 b6 37. Rh3 Kg8 38. Ra3 Bxf5 39. Bxf5 Rxf5 40. Rxa7 Re2 41. Rb7 Rb5 42. b3 Rxh2 43. Rb8+ Kh7 44. Rf8 g4 45. Rf1 g3 46. Rg1 Rf5 47. Rd8 g2 48. Rdd1 Rf2 49. Rge1 Rh3 50. Rg1 Re3 0-1

[Event "BCF-ch"]
[Site "Blackpool"]
[Date "1988.??.??"]
[Round "?"]
[White "Conquest, Stuart"]
[Black "Crawley, Gavin"]
[Result "1-0"]
[WhiteElo "2490"]
[BlackElo "2380"]
[PlyCount "63"]
[EventDate "1988.08.??"]
[EventType "swiss"]
[EventRounds "11"]
[EventCountry "ENG"]
[SourceTitle "TD"]
[Source "ChessBase"]
[SourceDate "1994.03.01"]
[SourceVersion "1"]
[SourceVersionDate "1994.03.01"]
[SourceQuality "1"]

1. d4 Nf6 2. c4 e6 3. Nc3 Bb4 4. e3 b6 5. Nge2 Ne4 6. Qc2 Bb7 7. a3 Bxc3+ 8. Nxc3 Nxc3 9. Qxc3 0-0 10. b4 d6 11. Bb2 Nd7 12. c5 bxc5 13. dxc5 Nf6 14. Rd1 e5 15. c6 Bc8 16. Bd3 Ng4 17. h3 Qh4 18. 0-0 Nf6 19. Qc2 Be6 20. f4 Nd5 21. Bc1 exf4 22. exf4 Rae8 23. Be4 Nb6 24. Bf3 Bc4 25. Rf2 Re7 26. a4 Rfe8 27. a5 Re1+ 28. Rxe1 Rxe1+ 29. Kh2 Bd3 30. Qd2 Rxc1 31. axb6 axb6 32. g3 1-0

[Event "Belgrade GMA op"]
[Site "Belgrade"]
[Date "1988.??.??"]
[Round "?"]
[White "Crawley, Gavin"]
[Black "Campora, Daniel Hugo"]
[Result "1/2-1/2"]
[WhiteElo "2380"]
[BlackElo "2540"]
[PlyCount "22"]
[EventDate "1988.12.??"]
[EventType "swiss"]
[EventRounds "9"]
[EventCountry "YUG"]
[SourceTitle "TD"]
[Source "ChessBase"]
[SourceDate "1994.03.01"]
[SourceVersion "1"]
[SourceVersionDate "1994.03.01"]
[SourceQuality "1"]

1. e4 e5 2. Nf3 d6 3. d4 Nf6 4. Nc3 Nbd7 5. Bc4 Be7 6. Ng5 0-0 7. Bxf7+ Rxf7 8. Ne6 Qe8 9. Nxc7 Qd8 10. Nxa8 b5 11. 0-0 Bb7 1/2-1/2

[Event "Belgrade GMA op"]
[Site "Belgrade"]
[Date "1988.??.??"]
[Round "?"]
[White "Crawley, Gavin"]
[Black "Dizdarevic, Emir"]
[Result "1/2-1/2"]
[WhiteElo "2380"]
[BlackElo "2495"]
[PlyCount "105"]
[EventDate "1988.12.??"]
[EventType "swiss"]
[EventRounds "9"]
[EventCountry "YUG"]
[SourceTitle "TD"]
[Source "ChessBase"]
[SourceDate "1994.03.01"]
[SourceVersion "1"]
[SourceVersionDate "1994.03.01"]
[SourceQuality "1"]

1. d4 Nf6 2. c4 e6 3. Nf3 b6 4. g3 Ba6 5. Qc2 c5 6. d5 exd5 7. cxd5 Bb7 8. e4 Qe7 9. Bg2 Qxe4+ 10. Qxe4+ Nxe4 11. 0-0 Nd6 12. Re1+ Kd8 13. Bf4 f6 14. Nc3 Na6 15. Rad1 Nc7 16. Nd2 Nce8 17. Nde4 g5 18. Bxd6 Nxd6 19. Nxf6 h6 20. Bh3 Bg7 21. Nce4 Nxe4 22. Nxe4 Bd4 23. Nd6 Bxd5 24. Nb5 Bc6 25. Nxd4 cxd4 26. Rxd4 Kc7 27. f4 gxf4 28. Rxf4 Rae8 29. Rxe8 Rxe8 30. Kf2 Re5 31. Rf5 Rxf5+ 32. Bxf5 Kd6 33. g4 Ke5 34. Kg3 d6 35. h4 Be8 36. Bc2 Bf7 37. a3 d5 38. g5 hxg5 39. hxg5 d4 40. Bd3 Be6 41. g6 Kf6 42. Kf4 Bd5 43. Kg4 Bc6 44. Kh5 Kg7 45. Kg4 Be8 46. Kh5 Bc6 47. Kg5 Be8 48. b4 a6 49. Be4 Bb5 50. Kf4 Kf6 51. Kf3 Be8 52. Bd3 Bxg6 53. Bxg6 1/2-1/2

[Event "BCF-ch"]
[Site "Blackpool"]
[Date "1988.??.??"]
[Round "?"]
[White "Crawley, Gavin"]
[Black "Rogers, Ian"]
[Result "1/2-1/2"]
[WhiteElo "2380"]
[BlackElo "2540"]
[PlyCount "92"]
[EventDate "1988.08.??"]
[EventType "swiss"]
[EventRounds "11"]
[EventCountry "ENG"]
[SourceTitle "TD"]
[Source "ChessBase"]
[SourceDate "1994.03.01"]
[SourceVersion "1"]
[SourceVersionDate "1994.03.01"]
[SourceQuality "1"]

1. e4 c5 2. Nf3 d6 3. d4 cxd4 4. Nxd4 Nf6 5. Nc3 a6 6. Bc4 b5 7. Bd5 Nxd5 8. exd5 g6 9. Be3 Bg7 10. Qd2 Bb7 11. Bh6 Bxh6 12. Qxh6 b4 13. Nce2 Bxd5 14. Qg7 Rf8 15. Nf4 Bc4 16. b3 Qa5 17. bxc4 b3+ 18. Ke2 b2 19. Nd5 bxa1Q 20. Rxa1 Ra7 21. Rb1 Qd8 22. Rb3 Qc8 23. Kd2 Qd8 24. f4 Kd7 25. Nb6+ Ke8 26. Nd5 Kd7 27. Kc1 Rc7 28. f5 gxf5 29. Nb6+ Ke8 30. Nxf5 Nd7 31. Nd5 Nc5 32. Re3 Ne6 33. Nfxe7 Qxe7 34. Rxe6 fxe6 35. Nxe7 Rxe7 36. Qd4 Rd7 37. Qe4 Rf6 38. Qa8+ Ke7 39. Qg8 Rf7 40. Qc8 Rf1+ 41. Kb2 a5 42. c5 dxc5 43. Qxc5+ Kf7 44. Qxa5 Rb7+ 45. Kc3 Rf5 46. Qa4 Rc7+ 1/2-1/2

[Event "Belgrade GMA op"]
[Site "Belgrade"]
[Date "1988.??.??"]
[Round "?"]
[White "Crawley, Gavin"]
[Black "Simic, Radoslav"]
[Result "0-1"]
[WhiteElo "2380"]
[BlackElo "2485"]
[PlyCount "72"]
[EventDate "1988.12.??"]
[EventType "swiss"]
[EventRounds "9"]
[EventCountry "YUG"]
[SourceTitle "CBM 010"]
[Source "ChessBase"]
[SourceDate "1989.06.01"]
[SourceVersion "1"]
[SourceVersionDate "1989.06.01"]
[SourceQuality "1"]

1. e4 c5 2. Nf3 Nc6 3. d4 cxd4 4. Nxd4 Nf6 5. Nc3 e5 6. Ndb5 d6 7. Bg5 a6 8. Na3 b5 9. Nd5 Be7 10. Bxf6 Bxf6 11. c3 0-0 12. Nc2 Bg5 13. Be2 Rb8 14. 0-0 g6 15. a4 bxa4 16. Ncb4 Nxb4 17. Nxb4 Bb7 18. Qxa4 a5 19. Qxa5 Bxe4 20. Bc4 Qxa5 21. Rxa5 Rfc8 22. Bd5 Bd8 23. Ra7 Bxd5 24. Nxd5 Rxb2 25. Rd7 Rd2 26. Rxd6 Kg7 27. f4 exf4 28. Rxf4 Bc7 29. Nxc7 Rxd6 30. Nb5 Rd2 31. h4 h5 32. Kh2 Ra8 33. Rf3 Re8 34. Nd4 Re4 35. Kh3 Rd1 36. g3 Rd2 0-1

[Event "Belgrade GMA op"]
[Site "Belgrade"]
[Date "1988.??.??"]
[Round "?"]
[White "Zaichik, Gennadi"]
[Black "Crawley, Gavin"]
[Result "1-0"]
[WhiteElo "2510"]
[BlackElo "2380"]
[PlyCount "41"]
[EventDate "1988.12.??"]
[EventType "swiss"]
[EventRounds "9"]
[EventCountry "YUG"]
[SourceTitle "TD"]
[Source "ChessBase"]
[SourceDate "1994.03.01"]
[SourceVersion "1"]
[SourceVersionDate "1994.03.01"]
[SourceQuality "1"]

1. d4 Nf6 2. c4 e6 3. Nc3 Bb4 4. e3 c5 5. Bd3 Nc6 6. Nge2 cxd4 7. exd4 d5 8. cxd5 Nxd5 9. 0-0 0-0 10. a3 Be7 11. Bc2 Nxc3 12. bxc3 b6 13. Qd3 g6 14. Bh6 Re8 15. f4 Bb7 16. f5 Bg5 17. fxg6 fxg6 18. Qh3 Rc8 19. Bxg5 Qxg5 20. Rf7 Kxf7 21. Qxh7+ 1-0

[Event "Politiken Cup 09th "]
[Site "Copenhagen"]
[Date "1987.??.??"]
[Round "5"]
[White "Bjerring, Kai"]
[Black "Crawley, Gavin"]
[Result "0-1"]
[WhiteElo "2280"]
[BlackElo "2345"]
[PlyCount "102"]
[EventDate "1987.06.??"]
[EventType "swiss"]
[EventRounds "10"]
[EventCountry "DEN"]
[SourceTitle "EXT 1997"]
[Source "ChessBase"]
[SourceDate "1996.11.15"]
[SourceVersion "1"]
[SourceVersionDate "1996.11.15"]
[SourceQuality "1"]

1. e4 c5 2. Nf3 d6 3. d4 cxd4 4. Nxd4 Nf6 5. Nc3 Nc6 6. Bc4 Qb6 7. Nb3 e6 8. Be3 Qc7 9. f4 a6 10. Qf3 d5 11. exd5 Nb4 12. Bd3 exd5 13. 0-0 Be7 14. Bd4 0-0 15. Rae1 a5 16. Qe3 Nc6 17. Bxf6 Bxf6 18. Nxd5 Qd6 19. Nxf6+ Qxf6 20. c3 h6 21. f5 Rd8 22. Bb1 b6 23. Qxb6 a4 24. Nd4 Ra6 25. Qc5 Nxd4 26. cxd4 Rad6 27. Rf4 Bb7 28. Be4 Rxd4 29. g3 Bxe4 30. Rfxe4 Rxe4 31. Rxe4 Qxb2 32. Re1 Qxa2 33. f6 Qd2 34. Rf1 Qd4+ 35. Qxd4 Rxd4 36. fxg7 a3 37. Ra1 Ra4 38. Ra2 Kxg7 39. Kf2 Kf6 40. Ke3 h5 41. Kd2 Kg5 42. Ke3 Kg4 43. Kf2 Kf5 44. Ke3 Ke5 45. Kd3 Kd5 46. Kc3 Ke4 47. Re2+ Kf3 48. Ra2 Re4 49. Kd3 Ra4 50. Kc3 f5 51. Kb3 Re4 0-1